000 00643nab a2200193 4500
001 244442
003 OSt
005 20251001094632.0
007 tu
008 200917s2020|||||||
040 _aDE-2950
_cDE-2950
245 0 0 _aBSW ruft zur Enthaltung bei Stichwahl auf
_bOB-Wahl. Das Wagenknecht-Bündnis will keinen der beiden Kandidaten empfehlen. Was die Gründe dafür sind und welches Kalkül dahinter steckt/
_cThomas Gutke
264 _c2025
653 _aFrankfurt (Oder)
653 _aOB-Stichwahl
653 _aBSW
773 0 _g36. Jahrgang (2025) Nr. 227 vom 29.09.2025, S. 16 mit Fotos
_tMärkische Oderzeitung
942 _2z
_cA
999 _c374042
_d374042